Artist By Song - Retro 2000-24 Meme Songs 7 (3001-3500) - Statistics

General Stats
  • This quiz has been taken 39 times
  • The average score is 120 of 500
Answer Stats
Hint Answer % Correct
Pop Muzik M
95%
Wannabe Spice Girls
81%
Ring of Fire Johnny Cash
71%
Friends | Peaches Justin Bieber
71%
Gin N Juice Snoop Dogg
71%
Across The Universe | All I've Got To Do | And Your Bird Can Sing | +19 others The Beatles
71%
California Dreamin' | Dedicated To The One I Love The Mamas & The Papas
71%
Forgot About Dre Dr. Dre
67%
Down Under Men At Work
67%
The Sound of Silence Simon & Garfunkel
67%
Leave The Door Open Bruno Mars
62%
Follow You | Radioactive - Remix Imagine Dragons
62%
Margaritaville Jimmy Buffett
62%
All Mine | All Of The Lights | Black Skinhead | +15 others Kanye West
62%
INDUSTRY BABY | MONTERO (Call Me By Your Name) Lil Nas X
62%
Skate Silk Sonic
62%
Don't Cha The Pussycat Dolls
62%
All for Leyna | New York State of Mind | Zanzibar Billy Joel
57%
Bette Davis Eyes Kim Carnes
57%
Fur Elise Ludwig van Beethoven
57%
drivers license | good 4 u Olivia Rodrigo
57%
Leaving on a Jet Plane | Puff, the Magic Dragon Peter, Paul and Mary
57%
Big Poppa The Notorious B.I.G.
57%
Eine kleine Nachtmusik Wolfgang Amadeus Mozart
57%
Toccata and Fugue in D minor Johann Sebastian Bach
52%
Desperado Rihanna
52%
Elevation U2
52%
Do I Wanna Know? Arctic Monkeys
48%
0 To 100 / The Catch Up | Girls Want Girls | Mob Ties | +3 others Drake
48%
Ass Like That | Crack A Bottle | FACK | +2 others Eminem
48%
Learn to Fly Foo Fighters
48%
Have Yourself A Merry Little Christmas | Theme From New York, New York Frank Sinatra
48%
Messiah Chorus: Hallelujah George Frederic Handel
48%
Heat Waves | Take A Slice Glass Animals
48%
No Church In The Wild JAY-Z
48%
Crazy Little Thing Called Love | Good Old-Fashioned Lover Boy Queen
48%
Call Out My Name | Often | Save Your Tears The Weeknd
48%
Cups (Pitch Perfect's "When I'm Gone") Anna Kendrick
43%
motive Ariana Grande
43%
What's My Age Again? blink-182
43%
Get Into It (Yuh) | Kiss Me More | Need To Know | Streets Doja Cat
43%
Let's Groove Earth, Wind & Fire
43%
Wonderful Tonight Eric Clapton
43%
Jesus of Suburbia Green Day
43%
Freak On a Leash Korn
43%
Suddenly I See KT Tunstall
43%
Fuck The Police N.W.A.
43%
Snowman Sia
43%
867-5409 / Jenny Tommy Tutone
43%
Chiquitita ABBA
38%
Born On The Bayou Creedence Clearwater Revival
38%
Love Will Tear Us Apart Joy Division
38%
A.D.H.D | Big Shot | DUCKWORTH. | i Kendrick Lamar
38%
6 Foot 7 Foot Lil Wayne
38%
Smile Lily Allen
38%
Ride of the Valkyries Richard Wagner
38%
When You Were Young The Killers
38%
Dancin Aaron Smith
33%
Mony Mony Billy Idol
33%
Let's Twist Again Chubby Checker
33%
BLAME IT ON BABY | BOP | Ball If I Want To | +4 others DaBaby
33%
Cantina Band John Williams
33%
Burnin' Up Jonas Brothers
33%
Place In This World Michael W. Smith
33%
Burning Pile | Hayloft | Verbatim Mother Mother
33%
Polly Nirvana
33%
Say Say Say Paul McCartney
33%
1812 Overture Pyotr Ilyich Tchaikovsky
33%
Killing In The Name Rage Against The Machine
33%
Bump n' Grind R. Kelly
33%
Candy Robbie Williams
33%
Time of the Season The Zombies
33%
Blister In The Sun Violent Femmes
33%
1985 Bowling For Soup
29%
My Oh My Camila Cabello
29%
Up Cardi B
29%
Prison Song Carlton Williams
29%
Please Mr. Postman | Top Of The World Carpenters
29%
Turn Me On | Where Them Girls At David Guetta
29%
You Sexy Thing Hot Chocolate
29%
Heart And Soul Huey Lewis & The News
29%
Face Of My City | Tyler Herro Jack Harlow
29%
Leaving, On a Jet Plane John Denver
29%
Body | Girls in the Hood Megan Thee Stallion
29%
Don't Look Back In Anger Oasis
29%
Send Me On My Way Rusted Root
29%
Doves In The Wind SZA
29%
Wild Thing The Troggs
29%
Bang! AJR
24%
Foreplay / Long Time Boston
24%
Dream Police Cheap Trick
24%
Insane in the Brain Cypress Hill
24%
Carrie Europe
24%
Chanel Frank Ocean
24%
You should be sad Halsey
24%
Until We Rich | You Know How We Do It Ice Cube
24%
9 5 . s o u t h | She Knows | Work Out | m y . l i f e J. Cole
24%
The Blue Danube Waltz Johann Strauss II
24%
telepatia Kali Uchis
24%
Cooking By The Book | You Are A Pirate LazyTown
24%
It's My Party Lesley Gore
24%
The Bigger Picture | We Paid Lil Baby
24%
You're No Good Linda Ronstadt
24%
Astronaut In The Ocean Masked Wolf
24%
Two Out of Three Ain't Bad Meatloaf
24%
Play Date Melanie Martinez
24%
Oochie Wally Nas
24%
Easy Lover Philip Bailey
24%
Also sprach Zarathustra Richard Strauss
24%
Limelight Rush
24%
B.Y.O.B. System Of A Down
24%
Diva | STAY The Kid LAROI
24%
Please Mr. Postman The Marvelettes
24%
Wait a Minute! | t r a n s p a r e n t s o u l WILLOW
24%
money machine 100 gecs
19%
The Things We Do For Love 10cc
19%
No Roots Alice Merton
19%
So Into You Atlanta Rhythm Section
19%
Gimme Chocolate!! BABYMETAL
19%
Cloud 9 Beach Bunny
19%
Rock That Body Black Eyed Peas
19%
Duvet boa
19%
Laughin' To The Bank | Love Sosa Chief Keef
19%
Pretty Girl | Sofia Clairo
19%
Gypsy Woman (She's Homeless) Crystal Waters
19%
In the Hall of the Mountain King Edvard Grieg
19%
I'd Really Love to See You Tonight England Dan & John Ford Coley
19%
Rock And Roll Part 2 Gary Glitter
19%
Heartbreak Anniversary Giveon
19%
The Anthem Good Charlotte
19%
Bandit | Man Of The Year Juice WRLD
19%
Heart Mind Kodak Black
19%
Erase Your Social | Lo Mein | Myron | +6 others Lil Uzi Vert
19%
One Step Closer Linkin Park
19%
Narcos | Straightenin | Young Rich Niggas Migos
19%
Sure Thing Miguel
19%
Ric Flair Drip Offset
19%
Decode Paramore
19%
Long Time - Intro | Meh | Punk Monk | +2 others Playboi Carti
19%
21 | Martin & Gina | RAPSTAR Polo G
19%
Creature | Dior | Foreigner | +3 others Pop Smoke
19%
Enemies | Motley Crew | Only Wanna Be With You Post Malone
19%
Dark Red Steve Lacy
19%
Long Tall Texan The Beach Boys
19%
Wipe Out The Surfaris
19%
Dating Start! | Death By Glamour | Dogsong | +8 others Toby Fox
19%
Yer So Bad Tom Petty
19%
5% TINT | BUTTERFLY EFFECT Travis Scott
19%
Death | Miss The Rage | Topanga Trippie Redd
19%
Fuck Love XXXTENTACION
19%
No Heart 21 Savage
14%
Loverboy A-Wall
14%
Space Song Beach House
14%
All Night Big Boi
14%
Green Onions Booker T. & the M.G.'s
14%
My Band D12
14%
Where'd All the Time Go? Dr. Dog
14%
Boyz-N-The-Hood Eazy-E
14%
Kaikai Kitan Eve
14%
Carmen: Overture Georges Bizet
14%
William Tell Overture Giorachino Rossini
14%
The Message Grandmaster Flash & The Furious Five
14%
Spanish Flea Herb Alpert & The Tijuana Brass
14%
Somebody to Love Jefferson Airplane
14%
oui Jeremih
14%
Dangerous Kardinal Offishall
14%
Took Her To The O King Von
14%
Lip Gloss Lil Mama
14%
紅蓮華 (Gurenge) LiSA
14%
Battle Scars Lupe Fiasco
14%
Shotta Flow NLE Choppa
14%
The Warrior Patty Smyth
14%
I Can't Handle Change Roar
14%
She Make It Clap Soulja Boy
14%
Borderline Tame Impala
14%
Sirius The Alan Parsons Project
14%
Die In a Fire | Discord The Living Tombstone
14%
Gas Money | oops! | yup! Yung Gravy
14%
Miku Anamanaguchi
10%
Heart Don't Stand a Chance Anderson .Paak
10%
FML Arizona Zervas
10%
Runaway AURORA
10%
ORANGE SODA | range brothers | vent Baby Keem
10%
edamame bbno$
10%
Can You Feel My Heart Bring Me The Horizon
10%
コネクト (Connect) ClariS
10%
Devil Woman Cliff Richard
10%
Knicks Cochise
10%
I DID IT DJ Khaled
10%
No Idea Don Toliver
10%
SugarCrash! ElyOtto
10%
The Good, The Bad And The Ugly Ennio Morricone
10%
RGF Island Fetty Wap
10%
Cha Cha Freddie Dredd
10%
Buttercup Jack Stauber
10%
Orphee aux enfers: Can-Can Jacques Offenbach
10%
Boss | Flex Like Ouu Lil Pump
10%
Shinzo wo Sasageyo! Linked Horizon
10%
Class Trial [THE SUN] | Kill Command | Kill Now Masafumi Takada
10%
Going Bad Meek Mill
10%
Space Cadet Metro Boomin
10%
カワキヲアメク (Crying for Rain) 美波 (Minami)
10%
Nobody Mitski
10%
DEAD BEATS | Live Again | Off With Their Heads | +3 others Mori Calliope
10%
Hawaii Five-O Mort Stevens And His Orchestra
10%
Linoleum NOFX
10%
No Flex Zone Rae Sremmurd
10%
第六感 (The Sixth Sense) Reol
10%
Plug Walk Rich The Kid
10%
Fukashigi no Carte Shayne Orok
10%
Welcome to My Life Simple Plan
10%
Electric Zoo Spongebob Squarepants
10%
Jenny (I Wanna Ruin Our Friendship) Studio Killers
10%
Freaks Surf Curse
10%
Eat Them Apples Suzi Wu
10%
The Race Tay-K
10%
Chocolate Rain Tay Zonday
10%
I Don't Want To Set The World On Fire The Ink Spots
10%
BABY! | センチメートル (Centimeter) the peggies
10%
Remember (Walkin' In The Sand) The Shangri-Las
10%
Greek Tragedy The Wombats
10%
unrvael TK
10%
Broke In A Minute Tory Lanez
10%
...And to Those I Love, Thanks For Sticking Around $uicideboy$
10%
Check Yes, Juliet We The Kings
10%
Opp Stoppa | Rubbin off the Paint YBN Nahmir
10%
Oh Yeah Yello
10%
You Belong to Him 1986 OMEGA TRIBE
5%
Drowning A Boogie Wit da Hoodie
5%
New York Groove Ace Frehley
5%
I beg you Aimer
5%
Last Summer Whisper | SURPRISE OF SUMMER Anri
5%
It Seems to Hang On Ashford & Simpson
5%
Last Forever Ayo & Teo
5%
Look Alive BlocBoy JB
5%
Yakety Sax Boots Randolph
5%
Sorry, I Like You Burbank
5%
Carameldansen Caramella Girls
5%
summertime cinnamons
5%
Whoopty CJ
5%
Couldn't Get It Right Climax Blues Band
5%
Ocean Prime Coi Leray
5%
Laffy Taffy D4L
5%
Impatient DDG
5%
RIDE ON TIME DEEN
5%
Five Hours Deorro
5%
Nyan Cat Theme Digidudes
5%
Under The Sun Dreamville
5%
Buss It Erica Banks
5%
Game Over Falling In Reverse
5%
PICK IT UP Famous Dex
5%
Oouhh Fredo Bang
5%
Ding Dong Song Gunther
5%
It's Been a Long, Long Time Harry James
5%
God knows... 涼宮ハルヒ (Haruhi Suzumiya)
5%
Ahoy!! 我ら宝鐘海賊団☆ 宝鐘マリン (Houshou Marine)
5%
Asian Jake Paul iDubbbz
5%
Wow Freestyle Jay Rock
5%
Let's Do It Again J Boog
5%
Off Deez JID
5%
Hate Kahlil4mb
5%
hollywood sucks KennyHoopla
5%
Big Gangsta Kevin Gates
5%
チェリーボンボン (Cherry Bonbon) Kyary Pamyu Pamyu
5%
Still Don't Know My Name Labrinth
5%
Tokyo Leat'eq
5%
$ave Dat Money Lil Dicky
5%
Le but Loco Locass
5%
Wing$ Macklemore
5%
Love Was Really Gone Makoto Matsushita
5%
Bih Yah Mario Judah
5%
Plastic Love Mariya Takeuchi
5%
Anime Thighs MC Virgins
5%
Perfect Pint Mike WiLL Made-It
5%
Among Drip Milk Man
5%
All Dat | Said Sum | Wockesha Moneybagg Yo
5%
フライディ・チャイナタウン (Fly-Day Chinatown) Ms.OOJA
5%
Ballin' Mustard
5%
La La La Naughty Boy
5%
Doomsday NERO
5%
Life Letters Never Get Used To People
5%
the WORLD Nightmare
5%
Remember Summer Days Night Tempo
5%
Wake Up Call Nothing But Thieves
5%
According To You Orianthi
5%
Phonky Town PlayaPhonk
5%
Adderall (Corvette Corvette) Pop Hunna
5%
The Last Stand Sabaton
5%
Soul Man Sam & Dave
5%
中庭の少女たち (Girls in the Courtyard) SHISHAMO
5%
Catch Me Outside | Take A Step Back Ski Mask The Slump God
5%
River's Island | Summer Suspicion | ふたりの夏物語 NEVER ENDING SUMMER | +2 others S. Kiyotaka & Omega Tribe
5%
Over The Top Smiley
5%
Knock Knock SoFaygo
5%
Like Trump Stoney Dudebro
5%
#BrooklynBloodPop! SyKo
5%
Heart Challenger Takanashi Kiara
5%
Don't Say Nothin' Bad (About My Baby) The Cookies
5%
Wellerman The Longest Johns
5%
spin music Toosii
5%
Up Down T-Pain
5%
MarunouchiSadistic UNCHAIN
5%
Running Away VANO 3000
5%
Psycho Pass Xavier Wulf
5%
Worth It YK Osiris
5%
223's YNW Melly
5%
あの夢をなぞって (Tracing A Dream) | ハルジオン(Halzion) YOASOBI
5%
Pose Yo Gotti
5%
The Cruel Angel's Thesis Yoko Takahashi
5%
Ski Young Stoner Life
5%
Hot | The London Young Thug
5%
Just a Joke Yurie Kokubu
5%
お勉強しといてよ (Study Me) ZUTOMAYO
5%
Relax and Take Notes 8Ball & MJG
0%
Crash 2.0 Adventure Club
0%
Diamond in the rough Arik Ancelin
0%
Trndsttr Black Coast
0%
Not Into You Brooksie
0%
Knuck If You Buck Crime Mob
0%
Vacation Dirty Heads
0%
The Boys Are Back Dropkick Murphys
0%
ミステリー・ガール (Mystery Girl) アイリーン・フォーリーン (Eileen Foleen, DJ Notoya)
0%
Feel Like God gazzzy
0%
Whales Hail Mary Mallon
0%
Erika Herms Niel
0%
男と女 (Man and Woman) Junko Ohashi
0%
ないものねだり(Asking for the Moon) KANA-BOON
0%
我がままなハイヒール (Selfish High Heels) Kaoru Akimoto
0%
veil 須田景凪 (Keina Suda)
0%
Моя голова винтом (My head is spinning like a screw) kostromin
0%
Chug Jug With You (Number One Victory Royale) LeviathanJPTV
0%
#Sweetladychallenge Lew Mr. Blue
0%
ラブ・ドラマティック (Love Dramatic) Masayuki Suzuki
0%
Hohoemi no Bakudan Matsuko Mawatari
0%
Virginity Syndrome ovg!
0%
2 Phut Hon Phao
0%
As the World Caves In Sarah Cothran
0%
Partners in Crime Set It Off
0%
空色デイズ (Sorairo Days) Shoko Nakagawa
0%
Eyes Blue Like The Atlantic Sista Prod
0%
Auston Matthews Svdvm
0%
Bakamitai 黒田崇矢 (Takaya Kuroda)
0%
Slob On My Nob Tear Da Club Up Thugs
0%
What's The Buzz Ted Neely
0%
Jalebi Baby Tesher
0%
Techno Syndrome (Mortal Kombat) The Immortals
0%
Spirits The Strumbellas
0%
Body Tion Wayne
0%
Ready for the Devil (No Mercy) Vision Vision
0%
Baby My Phone Yameii Online
0%
No matching quizzes found
Score Distribution
Percent of People with Each Score
Percentile by Number Answered
Your Score History
You have not taken this quiz